000 01378nam a2200277Ia 4500
999 _c49365
_d49365
001 16282
003 GE_BSU
005 20210722153221.0
008 181216s2008||||ge |||||||||||||| ||geo||
040 _cGE_BSU
041 _ageo
080 _a342.9(479.22)(094.4) ს-32
245 _aსაქართველოს ადმინისტრაციული საპროცესო კოდექსის კომენტარი /
_cგ. გიორგაძე, მ. კოპალეიშვილი, ა. ლორია [და სხვ.] ; რედ. ვ. ლორია.
250 _aმე-3 გამოცემა
264 _aთბილისი :
_bბონა კაუზა,
_c2008.
300 _a320 გვ. ;
_c20 სმ.
490 _aიურისტის ბიბლიოთეკა
541 _h15ლ.
653 _aსაქართველოს ადმინისტრაციული საპროცესო კოდექსი - კომენტარები
653 _aსამართალი
700 _a გიორგაძე, გ.
_eავტორი
_912306
700 _aკოპალეიშვილი, მ.
_eავტორი
_96810
700 _aლორია, ა.
_eავტორი
_912307
700 _aლორია, ვ.
_96812
942 _cBK
_2udc